00384pab a2200145 454500008004000000100001900040245006400059260000900123300001200132362001000144650002400154650002400178700001600202773002000218180718b2005 xxu||||| |||| 00| 0 eng d aMohitkar, V.M. aGlobal scenario of quality assurance in technical education c2005 ap.8-11. a6 Jun aEducational quality aTechnical education aWakde, D.G. aUniversity News